Organisace a vědecké poslání moderního hudebního archivu. Organisation und wissenschaftliche Aufgabe eines modernen Musikarchivs. I. část, Inventarisace a katalogisace hudebních pramenů = I. Teil, Inventarisierung und Katalogisierung der musikalischen Quellen /

Hlavní autor: Racek, Jan, 1905-1979
Jazyk: Čeština
Vydáno: V Brně : nákladem zemského musea, 1937
Fyzický popis: 31 stran : tiskopisy ; 24 cm
Language note: Německé resumé
Knihy
Uloženo v:
LEADER 01714nam a22003617i 4500
001 000784261
003 CZ BrMZK
005 20260225135806.0
007 ta
008 050728s1937 xr k er|||||||||||cze
015 |a cnb000799803 
035 |a (OCoLC)85583235 
040 |a ABA001  |b cze  |c CBA001  |d ABA001  |d BOA001  |e rda 
041 0 |a cze  |b ger 
100 1 |a Racek, Jan,  |d 1905-1979  |7 jk01101851  |4 aut 
245 1 0 |a Organisace a vědecké poslání moderního hudebního archivu.  |n I. část,  |p Inventarisace a katalogisace hudebních pramenů =  |b Organisation und wissenschaftliche Aufgabe eines modernen Musikarchivs.  |n I. Teil,  |p Inventarisierung und Katalogisierung der musikalischen Quellen /  |c Jan Racek 
246 3 1 |a Organisation und wissenschaftliche Aufgabe eines modernen Musikarchivs 
246 3 0 |a Inventarisace a katalogisace hudebních pramenů 
246 3 0 |a Inventarisierung und Katalogisierung der musikalischen Quellen 
264 1 |a V Brně :  |b nákladem zemského musea,  |c 1937 
300 |a 31 stran :  |b tiskopisy ;  |c 24 cm 
336 |a text  |b txt  |2 rdacontent 
337 |a bez média  |b n  |2 rdamedia 
338 |a svazek  |b nc  |2 rdacarrier 
504 |a Obsahuje bibliografické odkazy 
546 |a Německé resumé 
787 0 8 |i Zvláštní otisk z:  |t Časopis zemského musea v Brně,  |g ročník XXX. 
910 |a BOA001  |b PK-II-0012.139  |b 2-0142.584 
990 |a BK 
991 |b 202602 
996 7 |b 3119648955  |c PK-II-0012.139  |l MZK  |r Sklad / do 1 hodiny  |n 5  |w 000784261  |u 000010  |a 1  |e BOA001  |j MZK50  |s A 
996 6 |b BC-2677940  |c 2-0142.584  |l MZK  |r Sklad / do 24 hodin  |n 0  |w 000784261  |u 000020  |a 1  |e BOA001  |j MZK50  |s P 
996 6 |b BC-2677941  |c 2-0142.584  |l MZK  |r Sklad / do 24 hodin  |n 0  |w 000784261  |u 000030  |a 1  |e BOA001  |j MZK50  |s P